000 00535nam a22002177a 4500
003 UA-OsUOA
001 45923
007 ta
008 20070521b un ||||| |||| 00| 0 ukr d
100 _aКавабата Я.
090 _a82
_bК-11
942 _cSA
040 _aUA-OsUOA
_brus
_cUA-OsUOA
_dUA-OsUOA
245 _aТысячекрылый журавль
300 _aС.1-64
955 _a0
041 _arus
080 _a82
773 0 _w45922
650 7 _a82 Література. Літературознавство
_2UDC
999 _c332022
_d332022